[Event "Oslo GM Open"]
[Site "Oslo NOR"]
[Date "2011.10.03"]
[Round "2"]
[White "Mihajlov, Svetoslav"]
[Black "Skrondal, Inge Sandstad"]
[Result "0-1"]
[BlackTitle "CM"]
[WhiteElo "2122"]
[BlackElo "2222"]
[WhiteFideId "1507168"]
[BlackFideId "1505114"]
[EventDate "2011.10.02"]

1. e4 c5 2. Nf3 g6 3. Nc3 Nc6 4. Bb5 Bg7 5. Bxc6 dxc6 6. d3 e5 7. h3 f6 8. Be3
b6 9. Qd2 Be6 10. Nh2 Qd7 11. f4 exf4 12. Bxf4 Ne7 13. Bh6 Bxh6 14. Qxh6 O-O-O
15. O-O-O f5 16. Nf3 Qc7 17. Rhf1 Qg3 18. Qg5 Qxg5+ 19. Nxg5 Bg8 20. g4 h6 21.
gxf5 gxf5 22. Nf3 fxe4 23. dxe4 Rxd1+ 24. Rxd1 Be6 25. h4 Bg4 26. Rd3 c4 27. Re3
Ng6 28. Nh2 Bh5 29. Nf1 Rf8 30. Ng3 Bg4 31. e5 h5 32. e6 Re8 33. Re4 Rxe6 34.
Rxe6 Bxe6 35. Nxh5 Nxh4 36. Nf4 Bf5 37. Nce2 Nf3 38. b3 cxb3 39. cxb3 Kc7 40.
Kb2 Kd6 41. Kc3 Ke5 42. Nd3+ Bxd3 43. Kxd3 c5 44. Kc4 Kd6 45. Nc3 Kc6 46. Ne4
Ne5+ 47. Kc3 Nd7 48. Nd2 Kd5 49. Nc4 Ne5 50. Ne3+ Ke4 51. Nf1 b5 52. Ng3+ Kd5
53. Nf5 Nc6 54. Ne3+ Ke4 55. Ng4 Nb4 56. Kb2 Nd5 57. Nh6 c4 58. bxc4 bxc4 59.
Kc2 c3 60. Ng4 Kd4 61. a3 a5 62. Kc1 Ne3 63. Nf2 Nc4 64. a4 Ne3 65. Kb1 Kc4 66.
Ne4 Kb3 67. Nc5+ Kb4 68. Ne4 Kc4 69. Nf2 Kb3 70. Ne4 Nd5 71. Kc1 Kxa4 72. Kc2
Kb4 73. Nf2 Kc4 74. Ne4 Nb4+ 75. Kc1 a4 76. Nd6+ Kb3 0-1

[Event "Oslo GM Open"]
[Site "Oslo NOR"]
[Date "2011.10.04"]
[Round "3"]
[White "Elsness, Frode"]
[Black "Ernst, Sipke"]
[Result "0-1"]
[WhiteTitle "IM"]
[BlackTitle "GM"]
[WhiteElo "2491"]
[BlackElo "2581"]
[WhiteFideId "1501100"]
[BlackFideId "1004689"]
[EventDate "2011.10.02"]

1. d4 Nf6 2. c4 e6 3. Nf3 c5 4. d5 exd5 5. cxd5 Bd6 6. Nc3 O-O 7. g3 Re8 8. Bg2
Bc7 9. d6 Ba5 10. O-O Bxc3 11. bxc3 Nc6 12. Bf4 Ne4 13. Qd3 Qf6 14. Rac1 b6 15.
Nh4 c4 16. Qxc4 Nc5 17. Be3 Ba6 18. Qg4 Ne5 19. Qd4 Rac8 20. Rfe1 Bb7 21. Nf3
Bxf3 22. Bxf3 Ncd3 23. Bb7 Nxe1 24. Rxe1 Rxc3 25. Kg2 Nc4 26. Qxf6 Nxe3+ 27.
fxe3 gxf6 28. e4 Rc2 29. a4 Kg7 30. Kf3 Rd2 31. Bd5 f5 0-1

[Event "Oslo GM Open"]
[Site "Oslo NOR"]
[Date "2011.10.04"]
[Round "3"]
[White "Urkedal, Frode"]
[Black "Mikhalevski, Victor"]
[Result "0-1"]
[WhiteTitle "IM"]
[BlackTitle "GM"]
[WhiteElo "2447"]
[BlackElo "2542"]
[WhiteFideId "1506102"]
[BlackFideId "2801914"]
[EventDate "2011.10.02"]

1. d4 Nf6 2. c4 g6 3. Nc3 d5 4. Nf3 Bg7 5. Bg5 Ne4 6. Bf4 Nxc3 7. bxc3 c5 8. e3
O-O 9. cxd5 cxd4 10. cxd4 Qxd5 11. Be2 Nc6 12. O-O Bf5 13. Qa4 Qa5 14. Qxa5 Nxa5
15. Ne5 Rac8 16. Rfc1 Rfd8 17. f3 Be6 18. Kf2 Bxe5 19. Bxe5 Bc4 20. Bf4 f6 21.
Bxc4+ Nxc4 22. Rab1 b6 23. Rc3 Nb2 24. Bc7 Rd7 25. Rxb2 Rdxc7 26. Rxc7 Rxc7 27.
Ke2 Rc3 28. e4 Kf7 29. d5 f5 30. Kd2 Ra3 31. Rc2 Ke8 32. Ke2 Kd7 33. e5 f4 34.
Kd1 Ra5 35. Rd2 e6 36. g3 fxg3 37. dxe6+ Kxe6 38. hxg3 Rd5 39. f4 b5 40. Ke2
Rxd2+ 41. Kxd2 a5 42. Ke3 Kd5 43. Kd3 g5 44. Ke3 g4 45. Kd3 h5 0-1

[Event "Oslo GM Open"]
[Site "Oslo NOR"]
[Date "2011.10.04"]
[Round "3"]
[White "Houska, Jovanka"]
[Black "Tiviakov, Sergei"]
[Result "0-1"]
[WhiteTitle "IM"]
[BlackTitle "GM"]
[WhiteElo "2427"]
[BlackElo "2647"]
[WhiteFideId "405094"]
[BlackFideId "1008013"]
[EventDate "2011.10.02"]

1. d4 Nf6 2. Nf3 e6 3. c4 b6 4. g3 Bb7 5. Bg2 Be7 6. O-O O-O 7. Nc3 Na6 8. Bf4
d6 9. Rc1 c5 10. d5 Nc7 11. dxe6 fxe6 12. Qc2 Qe8 13. Rcd1 Rd8 14. h3 Ba6 15.
Ng5 Kh8 16. Nce4 Qg6 17. Qa4 Nfe8 18. h4 h6 19. Nh3 e5 20. Bc1 b5 21. Qa5 bxc4
22. Nc3 Rb8 23. Nd5 Bd8 24. Qa4 Qe6 25. f4 c3 26. Nxc3 Nf6 27. fxe5 dxe5 28. Nf2
Nb5 29. Nxb5 Bxb5 30. Qc2 Qxa2 31. Ne4 Ba4 32. Qc3 Bxd1 33. Rxd1 Nxe4 34. Bxe4
Qb3 35. Qxb3 Rxb3 36. Kg2 Rb4 37. Bc6 Rd4 38. Re1 Ba5 39. Rh1 Bd2 40. e3 Rd6 41.
Be4 c4 0-1

[Event "Oslo GM Open"]
[Site "Oslo NOR"]
[Date "2011.10.04"]
[Round "3"]
[White "Sadler, Matthew D"]
[Black "Moor, Roger"]
[Result "1-0"]
[WhiteTitle "GM"]
[BlackTitle "IM"]
[WhiteElo "2625"]
[BlackElo "2402"]
[WhiteFideId "400173"]
[BlackFideId "1302590"]
[EventDate "2011.10.02"]

1. e4 c5 2. Nf3 Nc6 3. Bb5 e6 4. Bxc6 bxc6 5. d3 Ne7 6. Qe2 Ng6 7. h4 Qc7 8. g3
h5 9. b3 e5 10. Bb2 f6 11. Nc3 Be7 12. Nd1 Nf8 13. Ne3 Ne6 14. O-O a5 15. c3 Ba6
16. Rfd1 g6 17. Qc2 O-O 18. d4 d6 19. Rd2 Rad8 20. Rad1 Rfe8 21. a3 Kf7 22. Bc1
Bf8 23. Qa2 Bh6 24. Rc2 Bb5 25. a4 Ba6 26. d5 Nf8 27. b4 Bxe3 28. Bxe3 Kg7 29.
bxc5 cxd5 30. Rxd5 Bb7 31. cxd6 Rxd6 32. c4 Bxd5 33. cxd5 Qb7 34. Rc5 Nd7 35.
Rb5 Qc7 36. Nd2 Rc8 37. Kh2 Qc1 38. Rb1 Qc2 39. Qa3 Qc7 40. Nc4 Ra6 41. Qe7+ Kg8
42. d6 Qxc4 43. Rc1 1-0

[Event "Oslo GM Open"]
[Site "Oslo NOR"]
[Date "2011.10.04"]
[Round "3"]
[White "Hole, Oystein"]
[Black "Volkov, Sergey"]
[Result "0-1"]
[WhiteTitle "IM"]
[BlackTitle "GM"]
[WhiteElo "2387"]
[BlackElo "2614"]
[WhiteFideId "1501526"]
[BlackFideId "4122763"]
[EventDate "2011.10.02"]

1. Nf3 d5 2. d4 Nf6 3. c4 c6 4. Nc3 a6 5. c5 Nbd7 6. Bf4 Nh5 7. e3 g6 8. Bd3 Bg7
9. O-O O-O 10. Bg5 h6 11. Bh4 Qe8 12. g4 Nhf6 13. h3 e5 14. Nxe5 Nxe5 15. dxe5
Qxe5 16. Bg3 Qe6 17. Qc2 h5 18. Na4 hxg4 19. Nb6 Ra7 20. Bb8 g3 21. fxg3 Qxe3+
22. Kh2 Qh6 23. h4 Ng4+ 24. Kh1 Ne3 25. Qc1 Nxf1 26. Bxf1 Qxc1 27. Rxc1 Bxb2 28.
Re1 Ra8 29. Bd6 Bf5 30. Nxa8 Rxa8 31. Re7 Bd4 32. Rxb7 Re8 33. Be7 a5 34. Kg2 a4
35. Kf3 Be4+ 36. Kf4 a3 37. Be2 Bb1 38. h5 g5+ 39. Kxg5 Bxa2 40. h6 Bc4 41. Bh5
Ra8 42. Bxf7+ Kh8 0-1

[Event "Oslo GM Open"]
[Site "Oslo NOR"]
[Date "2011.10.04"]
[Round "3"]
[White "Burmakin, Vladimir"]
[Black "Raznikov, Danny"]
[Result "1/2-1/2"]
[WhiteTitle "GM"]
[BlackTitle "IM"]
[WhiteElo "2588"]
[BlackElo "2433"]
[WhiteFideId "4105109"]
[BlackFideId "2811154"]
[EventDate "2011.10.02"]

1. d4 d5 2. Nf3 c6 3. c4 Nf6 4. e3 Bf5 5. Nc3 e6 6. Nh4 Be4 7. f3 Bg6 8. Qb3 Qc7
9. Bd2 Be7 10. cxd5 cxd5 11. Nxg6 hxg6 12. Rc1 Nc6 13. Kf2 O-O 14. Be2 Rab8 15.
h4 Qd7 16. f4 Na5 17. Qb5 Qxb5 18. Bxb5 Rfc8 19. Kf3 a6 20. Bd3 Nc4 21. Rc2 Rc6
22. g4 Bb4 23. g5 Ne8 24. Rhc1 Rbc8 25. Ke2 Nxd2 26. Kxd2 Nd6 27. Ke2 Bxc3 28.
Rxc3 Rxc3 29. Rxc3 1/2-1/2

[Event "Oslo GM Open"]
[Site "Oslo NOR"]
[Date "2011.10.04"]
[Round "3"]
[White "Rozentalis, Eduardas"]
[Black "Welling, Gerard"]
[Result "1-0"]
[WhiteTitle "GM"]
[BlackTitle "IM"]
[WhiteElo "2575"]
[BlackElo "2322"]
[WhiteFideId "12800023"]
[BlackFideId "1000446"]
[EventDate "2011.10.02"]

1. e4 d5 2. exd5 Qxd5 3. Nc3 Qa5 4. d4 Nf6 5. Nf3 Bg4 6. h3 Bxf3 7. Qxf3 c6 8.
Bd2 Nbd7 9. g4 e6 10. Bg2 Be7 11. O-O O-O 12. Qe2 Qd8 13. f4 Nd5 14. f5 Nxc3 15.
Bxc3 exf5 16. Rxf5 g6 17. Rf3 Bf6 18. Raf1 Bg7 19. Kh1 a5 20. Be1 Nb6 21. Bf2
Qd7 22. Qd3 Nd5 23. c4 Nb4 24. Qd2 Nxa2 25. d5 Qd6 26. Bg3 Qc5 27. d6 Be5 28.
Bxe5 Qxe5 29. d7 Rad8 30. Ra1 Nb4 31. Re1 Rxd7 32. Qxb4 1-0

[Event "Oslo GM Open"]
[Site "Oslo NOR"]
[Date "2011.10.04"]
[Round "3"]
[White "Kvisvik, Brede"]
[Black "Batsiashvili, Nino"]
[Result "0-1"]
[BlackTitle "WGM"]
[WhiteElo "2235"]
[BlackElo "2413"]
[WhiteFideId "1502999"]
[BlackFideId "13602993"]
[EventDate "2011.10.02"]

1. e4 d6 2. d4 g6 3. Nc3 Bg7 4. f4 Nf6 5. Nf3 O-O 6. Bd3 c5 7. d5 Bg4 8. h3 Bxf3
9. Qxf3 Nfd7 10. O-O Na6 11. Qe2 Nb4 12. Bb5 Nb6 13. a3 a6 14. axb4 cxb4 15. Nd1
axb5 16. Rxa8 Qxa8 17. Qxb5 Qa6 18. Qxb4 Rc8 19. Be3 Na4 20. b3 Nc3 21. Nxc3
Rxc3 22. Bd4 Rxc2 23. Bxg7 Kxg7 24. Qd4+ f6 25. Rf2 Rc1+ 26. Kh2 Qa1 27. Qxa1
Rxa1 28. Rc2 Rd1 29. Rc7 Kf7 30. Rxb7 Rd4 31. e5 fxe5 32. fxe5 dxe5 33. Rb5 h5
34. Rc5 h4 35. Kg1 Kf6 36. Rc6+ Kf5 37. Re6 Rxd5 38. Rxe7 Rd1+ 39. Kh2 Rb1 40.
Rf7+ Ke6 41. Rh7 g5 42. Rg7 Kf6 43. Rg8 e4 44. Rf8+ Ke5 45. Re8+ Kd4 46. Rd8+
Kc3 47. Rc8+ Kd3 48. Rd8+ Ke2 49. g3 Rxb3 50. gxh4 gxh4 51. Rh8 e3 52. Kg2 Rb5
53. Rxh4 Rg5+ 54. Kh2 Kf3 55. Rh8 e2 56. Re8 Rg2+ 57. Kh1 Rf2 58. Rf8+ Kg3 59.
Rg8+ Kxh3 60. Rh8+ Kg4 61. Rg8+ Kh5 62. Re8 Rf1+ 0-1

[Event "Oslo GM Open"]
[Site "Oslo NOR"]
[Date "2011.10.04"]
[Round "3"]
[White "Galinsky, Timofey"]
[Black "Hagesaether, Ellen"]
[Result "1-0"]
[WhiteTitle "IM"]
[BlackTitle "WIM"]
[WhiteElo "2441"]
[BlackElo "2263"]
[WhiteFideId "14104164"]
[BlackFideId "1501909"]
[EventDate "2011.10.02"]

1. d4 f5 2. c4 Nf6 3. Nc3 e6 4. Nf3 c6 5. Qc2 d5 6. e3 Ne4 7. g3 Bd6 8. Bg2 O-O
9. O-O Nd7 10. Rb1 Qe7 11. a3 Ndf6 12. c5 Bc7 13. b4 Nxc3 14. Qxc3 Ne4 15. Qc2
Bd7 16. Ne5 Ng5 17. Bb2 Rfc8 18. f3 Be8 19. h4 Nf7 20. e4 f4 21. gxf4 Qxh4 22.
Bc1 Rd8 23. Be3 Bxe5 24. dxe5 d4 25. Qf2 Qh6 26. Bd2 Qh5 27. Qg3 Qg6 28. Qxg6
hxg6 29. Bh3 Bd7 30. Rb3 Bc8 31. Kf2 g5 32. Rd1 a5 33. b5 a4 34. Rb4 cxb5 35.
Rxb5 d3 36. Ba5 Re8 37. Bc7 gxf4 38. Rxd3 Ra6 39. Rb6 Ra5 40. Rc3 Ra7 41. Bb8
Ra8 42. Bd6 Ra7 43. Rd3 Nd8 44. Rd1 Kf7 45. Rh1 Rg8 46. Bf1 Bd7 47. Rh4 g5 48.
Rh7+ Rg7 49. Rxg7+ Kxg7 50. Be7 Nf7 51. Bh3 Nxe5 52. Bxg5 Nd3+ 53. Ke2 Nxc5 54.
Bxf4 Ra6 55. Rb1 Kf7 56. Be5 Ra5 57. Bc3 Rb5 58. Rxb5 Bxb5+ 59. Ke3 Bc6 60. Bb4
Nd7 61. Bf1 Kf6 62. f4 b6 63. e5+ Kg6 64. Bd3+ Kf7 65. Kd4 b5 66. Bb1 Bd5 67.
Bd6 Bb3 68. Bd3 Nb6 69. Bxb5 Nd5 70. f5 exf5 71. Bd7 f4 72. Ke4 Nb6 73. Bg4 Be6
74. Bh5+ Kg7 75. Kxf4 Nc4 76. Bc5 Bf7 77. Be2 Bd5 78. Kf5 Na5 79. e6 Nb7 80.
Bd4+ Kf8 81. Kf6 Bc6 82. e7+ Kg8 83. Bf3 1-0

[Event "Oslo GM Open"]
[Site "Oslo NOR"]
[Date "2011.10.04"]
[Round "3"]
[White "Moor, Olivier"]
[Black "Tari, Aryan"]
[Result "1/2-1/2"]
[WhiteTitle "IM"]
[WhiteElo "2399"]
[BlackElo "2224"]
[WhiteFideId "1303112"]
[BlackFideId "1510045"]
[EventDate "2011.10.02"]

1. d4 Nf6 2. Nf3 g6 3. Bg5 Ne4 4. Bf4 Bg7 5. Nbd2 d5 6. c3 O-O 7. e3 c5 8. Bd3
Nxd2 9. Qxd2 Nc6 10. h3 f6 11. Bb5 a6 12. Bxc6 bxc6 13. dxc5 e5 14. Bg3 a5 15.
O-O a4 16. b4 Ba6 17. Rfe1 Qe7 18. Qc2 Bb5 19. e4 Qf7 20. Rad1 Rad8 21. Nd2 Rfe8
22. f3 f5 23. Bh4 Rd7 24. Nb1 dxe4 25. fxe4 fxe4 26. Nd2 e3 27. Rxe3 Bh6 28.
Ree1 Rxd2 29. Rxd2 1/2-1/2

[Event "Oslo GM Open"]
[Site "Oslo NOR"]
[Date "2011.10.04"]
[Round "3"]
[White "Haugli, Petter"]
[Black "Getz, Nicolai"]
[Result "1/2-1/2"]
[WhiteTitle "IM"]
[BlackTitle "FM"]
[WhiteElo "2300"]
[BlackElo "2391"]
[WhiteFideId "1500104"]
[BlackFideId "1505572"]
[EventDate "2011.10.02"]

1. d4 Nf6 2. c4 d6 3. Nf3 Nbd7 4. Nc3 e5 5. e4 g6 6. Be2 Bg7 7. O-O O-O 8. Re1
Re8 9. d5 a5 10. Bd3 Nc5 11. Bc2 c6 12. Na4 Nxa4 13. Bxa4 Bd7 14. dxc6 Bxc6 15.
Bxc6 bxc6 16. Bg5 h6 17. Bxf6 Qxf6 18. Qd2 Red8 19. Rad1 Qe6 20. Qd3 Bf6 21. Re2
Be7 22. Qc3 Bf8 23. b3 Bg7 24. Qc2 Kh7 25. Red2 Rd7 26. Rd3 Rad8 27. Qd2 a4 28.
h3 axb3 29. axb3 f5 30. Qe2 fxe4 31. Qxe4 d5 32. Qe2 Qf6 33. R3d2 Qf4 34. g3 Qf6
35. cxd5 cxd5 36. Kg2 Qe6 37. b4 Rf7 38. Nd4 Qb6 39. Nc2 Qb7 40. Kg1 Rfd7 41. b5
d4 42. Nb4 Rf8 43. Nc6 Rdf7 44. Rf1 Re8 45. Nxd4 Qd7 46. Nc2 Qxh3 47. Qe4 Qf5
48. Re2 Rb8 49. Rb1 Rfb7 50. Na3 Qxe4 1/2-1/2

[Event "Oslo GM Open"]
[Site "Oslo NOR"]
[Date "2011.10.04"]
[Round "3"]
[White "Skrondal, Inge Sandstad"]
[Black "Popilski, Gil"]
[Result "1/2-1/2"]
[WhiteTitle "CM"]
[BlackTitle "IM"]
[WhiteElo "2222"]
[BlackElo "2381"]
[WhiteFideId "1505114"]
[BlackFideId "2809060"]
[EventDate "2011.10.02"]

1. Nf3 c5 2. c4 Nc6 3. Nc3 Nf6 4. g3 d5 5. d4 cxd4 6. Nxd4 dxc4 7. Nxc6 Qxd1+ 8.
Nxd1 bxc6 9. Bg2 Nd5 10. Ne3 e6 11. Nxc4 Ba6 12. Na5 Bb4+ 13. Bd2 Bxd2+ 14. Kxd2
O-O-O 15. Nxc6 Nf4+ 16. Nxd8 Rxd8+ 17. Kc3 Nxg2 18. Rhg1 Bb7 19. Rad1 Rxd1 20.
Rxd1 h5 21. b4 e5 22. b5 Kc7 23. a4 f5 24. a5 f4 25. Kd2 h4 26. Rc1+ Kd7 27. Rc5
Ne3 28. gxf4 Ng4 29. f3 Nxh2 30. Rxe5 g6 31. Ke3 h3 32. Rg5 Nxf3 33. Rxg6 h2 34.
Rh6 Ne5 35. fxe5 h1=Q 36. Rxh1 Bxh1 37. Kd4 Ba8 38. Kc5 Ke6 39. a6 Kxe5 1/2-1/2

[Event "Oslo GM Open"]
[Site "Oslo NOR"]
[Date "2011.10.04"]
[Round "3"]
[White "Andersen, Alf R."]
[Black "Gullaksen, Eirik"]
[Result "0-1"]
[BlackTitle "IM"]
[WhiteElo "2206"]
[BlackElo "2376"]
[WhiteFideId "1503120"]
[BlackFideId "1500945"]
[EventDate "2011.10.02"]

1. e4 c5 2. f4 d5 3. exd5 Nf6 4. b3 Nxd5 5. Bb2 Nc6 6. Qf3 e6 7. Bb5 Bd7 8. Ne2
a6 9. Bd3 Ndb4 10. O-O Nxd3 11. Qxd3 Nb4 12. Qc3 Bc6 13. a3 Nd5 14. Qg3 Qd7 15.
d3 O-O-O 16. Nd2 f6 17. Qf2 Qf7 18. Ne4 Qg6 19. b4 f5 20. Nxc5 Bxc5 21. Qxc5 Ne3
22. Rf2 Nxg2 23. Ng3 Nh4 24. a4 Rd5 25. Qa7 Rhd8 26. Qe3 Qg4 27. b5 axb5 28.
axb5 Rxb5 29. Qxe6+ Kc7 30. Be5+ Kb6 31. c4 Nf3+ 32. Kf1 Nxh2+ 33. Rxh2 Qxg3 34.
cxb5 Qxd3+ 35. Re2 Qh3+ 36. Ke1 Qh1+ 37. Kf2 Qg2+ 38. Ke1 Qg1# 0-1

[Event "Oslo GM Open"]
[Site "Oslo NOR"]
[Date "2011.10.04"]
[Round "3"]
[White "Arjun, Bharat"]
[Black "Klein, David"]
[Result "0-1"]
[WhiteTitle "CM"]
[BlackTitle "FM"]
[WhiteElo "2156"]
[BlackElo "2359"]
[WhiteFideId "5032725"]
[BlackFideId "1003623"]
[EventDate "2011.10.02"]

1. Nf3 Nf6 2. c4 e6 3. Nc3 d5 4. d4 dxc4 5. e3 a6 6. Bxc4 b5 7. Bb3 Bb7 8. O-O
c5 9. Qe2 Nbd7 10. Rd1 Qb8 11. a3 Bd6 12. e4 cxd4 13. Rxd4 Ne5 14. h3 O-O 15.
Ne1 Ng6 16. Nf3 Ne5 17. Ne1 Nc6 18. Rd1 h6 19. Bc2 Rc8 20. Be3 Na5 21. Qd3 Be5
22. Bd4 Bxd4 23. Qxd4 e5 24. Qd3 Nc4 25. Rdb1 Rd8 26. Qg3 Qc7 27. Nf3 Rac8 28.
Nh4 Nh5 29. Qg4 Rd2 30. Qxh5 Rxc2 31. Qg4 Nd6 32. Nf3 Qc5 33. Rf1 Rxb2 34. Nd5
Nxe4 35. Qxe4 Qxd5 36. Qxd5 Bxd5 37. Nxe5 Be6 38. g4 Rc3 39. Kg2 Bd5+ 40. Kh2
Rbb3 41. f3 Bxf3 42. Nxf3 Rxf3 43. Rxf3 Rxf3 44. Kg2 Rb3 45. a4 b4 46. a5 Ra3
47. Rb1 b3 48. Kf3 b2+ 49. Ke4 Rb3 50. Kd4 Rb5 51. Kc3 Rxa5 0-1

[Event "Oslo GM Open"]
[Site "Oslo NOR"]
[Date "2011.10.04"]
[Round "3"]
[White "Bjerke, Richard"]
[Black "Kovachev, Daniel Jakobsen"]
[Result "1/2-1/2"]
[WhiteTitle "FM"]
[BlackTitle "FM"]
[WhiteElo "2135"]
[BlackElo "2332"]
[WhiteFideId "1500252"]
[BlackFideId "1503448"]
[EventDate "2011.10.02"]

1. Nf3 Nf6 2. c4 g6 3. Nc3 d5 4. d4 Bg7 5. cxd5 Nxd5 6. e4 Nxc3 7. bxc3 c5 8.
Be3 Qa5 9. Qd2 Nc6 10. Rc1 Bg4 11. d5 Rd8 12. Be2 O-O 13. O-O e6 14. Rfd1 exd5
15. exd5 Bxf3 16. gxf3 Ne7 17. c4 Qxd2 18. Rxd2 b6 19. Bd3 Be5 20. Rb1 Nc8 21.
a4 a5 22. Re2 Bc3 23. Bf4 Rd7 24. Be5 Bxe5 25. Rxe5 Kg7 26. f4 Kf6 27. Kg2 Rb7
28. Kf3 Nd6 29. Rbe1 Rd8 30. R1e3 Rdd7 31. Ke2 Re7 32. Kd2 Red7 33. Kc3 Re7 34.
Re1 Red7 35. Bf1 Re7 36. Bh3 Ra7 37. Kd3 Rab7 38. Kc3 h6 39. Kd3 g5 40. fxg5+
hxg5 41. Rxe7 Rxe7 42. Re3 Re8 43. Bd7 Rh8 44. h3 Rh4 45. Bg4 Rh8 46. Bd7 Ra8
47. Bg4 Re8 48. Bd7 Rxe3+ 49. fxe3 Ke5 50. Bg4 f5 51. Bf3 Kf6 52. e4 f4 53. Bh5
Ke5 54. Bf3 Ne8 55. Bh5 Nf6 56. Bf3 Kd6 57. Bg4 Ng8 58. Bh5 Ne7 59. Bf7 Ke5 60.
Bh5 Nc8 61. Bg4 Nd6 62. Bf3 Kf6 63. Bh5 Nb7 64. Bg4 Ke5 65. Bd1 Nd8 66. Bh5 Kd6
67. Be8 Ke5 68. Bh5 Kd6 69. Be8 Ke5 70. Bh5 Nb7 71. Bg4 Nd6 72. Bf3 Kf6 73. Bh5
Ke5 1/2-1/2

[Event "Oslo GM Open"]
[Site "Oslo NOR"]
[Date "2011.10.04"]
[Round "3"]
[White "Hanssen, Gunnar Berg"]
[Black "Spirin, Oleg"]
[Result "1-0"]
[BlackTitle "IM"]
[WhiteElo "2217"]
[BlackElo "2493"]
[WhiteFideId "1501534"]
[BlackFideId "4134494"]
[EventDate "2011.10.02"]

1. c4 Nf6 2. Nf3 g6 3. d4 Bg7 4. g3 d6 5. Bg2 O-O 6. Nc3 Nc6 7. O-O Bf5 8. d5
Na5 9. Nd2 c5 10. e4 Bd7 11. Qc2 e5 12. b3 h5 13. Bb2 h4 14. Nd1 Nh5 15. Qd3 Bh6
16. Bc3 b6 17. Qe2 hxg3 18. hxg3 Qe8 19. Bf3 Ng7 20. Nb2 f5 21. Nd3 Qe7 22. Kg2
Ne8 23. Rh1 Bg7 24. Rh2 Nf6 25. Rah1 Rae8 26. exf5 gxf5 27. Bh5 f4 28. Bg6 Qd8
29. Ne4 Nb7 30. Nxf6+ Rxf6 31. Qh5 f3+ 32. Kg1 Re7 33. Qg5 Ref7 34. Rh7 Qe7 35.
Bxf7+ 1-0

[Event "Oslo GM Open"]
[Site "Oslo NOR"]
[Date "2011.10.04"]
[Round "3"]
[White "Aguera Naredo, Javier"]
[Black "Lillevold, Frode"]
[Result "1-0"]
[WhiteTitle "FM"]
[WhiteElo "2345"]
[BlackElo "2164"]
[WhiteFideId "2204169"]
[BlackFideId "1502913"]
[EventDate "2011.10.02"]

1. e4 e5 2. Nf3 Nc6 3. Bb5 Nf6 4. O-O Nxe4 5. d4 Nd6 6. dxe5 Nxb5 7. a4 Nd6 8.
Bg5 f6 9. Re1 Nxe5 10. Nxe5 Be7 11. Qh5+ Kf8 12. Ng6+ hxg6 13. Qxh8+ Kf7 14.
Qxd8 Bxd8 15. Bf4 Nf5 16. h3 g5 17. Bh2 c6 18. Nd2 d5 19. Nf3 Bd7 20. Rad1 Ba5
21. Re2 Re8 22. Rxe8 Bxe8 23. g4 Ne7 24. Nd4 Bd7 25. Nb3 Bd8 26. a5 a6 27. Nc5
Bc8 28. b4 Ng6 29. Bd6 Be7 30. Bxe7 Kxe7 31. Re1+ Kf7 32. Nd3 Nf8 33. f3 Ne6 34.
Kf2 Nd4 35. Rc1 Nb5 36. Ke3 d4+ 37. Kd2 Be6 38. Nc5 Bc8 39. Kd3 Ke7 40. Re1+ Kf7
41. Nb3 Be6 42. Nxd4 Bd5 43. Nxb5 cxb5 44. Ke3 Bc6 45. Rd1 Ke7 46. f4 gxf4+ 47.
Kxf4 g5+ 48. Kf5 Bg2 49. Rd3 Bf1 50. Re3+ Kf7 51. Re6 1-0

[Event "Oslo GM Open"]
[Site "Oslo NOR"]
[Date "2011.10.04"]
[Round "3"]
[White "Arvola, Benjamin"]
[Black "Briseid, Hakon"]
[Result "1-0"]
[WhiteElo "2244"]
[BlackElo "2145"]
[WhiteFideId "1506536"]
[BlackFideId "1506668"]
[EventDate "2011.10.02"]

1. e4 e5 2. Nf3 Nc6 3. Bb5 a6 4. Ba4 Nf6 5. O-O Be7 6. Re1 b5 7. Bb3 d6 8. c3
O-O 9. h3 Na5 10. Bc2 c5 11. d3 Qc7 12. Nbd2 Nc6 13. a4 Bd7 14. Nf1 Rfb8 15. Ne3
Bf8 16. Nd5 Nxd5 17. exd5 Nd8 18. d4 f6 19. Nh4 g6 20. Be3 cxd4 21. cxd4 bxa4
22. Rc1 Qb7 23. dxe5 dxe5 24. Nxg6 hxg6 25. Bxg6 Bb5 26. d6 Rc8 27. Qg4 Bg7 28.
Be4 Bc6 29. Bf5 Rcb8 30. d7 Qb4 31. Be6+ Nxe6 32. Qxe6+ Kh7 33. Qxc6 Qxb2 34.
Rc4 Qb5 35. Rh4+ Kg6 36. Qe6 Qb3 37. Rg4+ Kh7 38. Qf5+ 1-0

[Event "Oslo GM Open"]
[Site "Oslo NOR"]
[Date "2011.10.04"]
[Round "3"]
[White "Vogel, Jaap"]
[Black "Thingstad, Even"]
[Result "0-1"]
[WhiteTitle "FM"]
[WhiteElo "2207"]
[BlackElo "2234"]
[WhiteFideId "1000764"]
[BlackFideId "1506439"]
[EventDate "2011.10.02"]

1. d4 d5 2. Nf3 Nf6 3. g3 e6 4. Bg2 b5 5. a4 b4 6. c4 bxc3 7. bxc3 c5 8. Ba3 Ba6
9. O-O Nbd7 10. Nbd2 Be7 11. Rc1 O-O 12. c4 Rc8 13. cxd5 Nxd5 14. Re1 c4 15.
Bxe7 Qxe7 16. e4 Nb4 17. Bf1 Nd3 18. Bxd3 cxd3 19. Qb3 Qd6 20. Qa2 h6 21. a5
Rfd8 22. Qa4 Nb8 23. Rxc8 Rxc8 24. Rb1 Nc6 25. Rc1 Kh7 26. Kg2 Ne7 27. Rxc8 Nxc8
28. Qe8 Qc7 29. Ne5 Nd6 30. Qf8 f6 31. Ng4 Bb7 32. f3 Qc2 33. Qxd6 Qxd2+ 34. Nf2
Qe2 35. Qb4 d2 36. Qb3 Ba6 37. f4 Bc4 38. Qc2 Bd3 39. Qd1 Bxe4+ 40. Kg1 0-1

[Event "Oslo GM Open"]
[Site "Oslo NOR"]
[Date "2011.10.04"]
[Round "3"]
[White "Vaarala, Eric"]
[Black "Hauge, Lars Oskar"]
[Result "0-1"]
[WhiteElo "2226"]
[BlackElo "2086"]
[WhiteFideId "1711962"]
[BlackFideId "1509276"]
[EventDate "2011.10.02"]

1. e4 c5 2. Nf3 d6 3. d4 cxd4 4. Nxd4 Nf6 5. Nc3 a6 6. h3 e6 7. g4 d5 8. exd5
Nxd5 9. Bg2 Nxc3 10. bxc3 e5 11. Qe2 Qc7 12. O-O Be7 13. Nb3 Be6 14. Re1 Nd7 15.
f4 exf4 16. Nd4 Nc5 17. Nf5 Bf6 18. Qf2 O-O 19. Bxf4 Qa5 20. Bd6 Rfc8 21. Ne7+
Bxe7 22. Bxe7 Qxc3 23. Rad1 Bxa2 24. Re3 Qb2 25. c4 Qxf2+ 26. Kxf2 Bxc4 27. Rc3
Bb3 28. Bxc5 Bxd1 29. Bxb7 Rab8 30. Bxc8 Rxc8 31. Ke3 f6 32. Rc1 Ba4 33. Ra1
Rxc5 34. Rxa4 a5 35. Kd4 Rb5 36. Ra3 Kf7 37. Ke4 Rb4+ 38. Kd5 a4 39. Kc5 Rb3 40.
Rxa4 Rxh3 41. Kd5 Re3 42. Kd4 Re5 43. Ra1 Kg6 44. Rg1 h6 45. Rg2 Kg5 46. Rg1 Ra5
47. Ke4 Ra4+ 48. Kf3 Rf4+ 0-1